00243nam a2200097Ia 4500008004100000082001600041100001700057245002500074260003700099300000900136150731s2014 xx 000 0 und d a610bK 14 B aBYADGI, P.S. 2aA TB OF KAYACHIKITSA bCHAUKHAMBHA PUB. NEW DELHIc2014 a1040